| 000 | 00616nam a22002177a 4500 | ||
|---|---|---|---|
| 003 | UA-OsUOA | ||
| 001 | 70762 | ||
| 007 | ta | ||
| 008 | 20100915b un ||||| |||| 00| 0 ukr d | ||
| 100 | _aБогдан Т.П. | ||
| 090 |
_a330(477) _bБ73 |
||
| 942 | _cSA | ||
| 040 |
_aUA-OsUOA _bukr _cUA-OsUOA _dUA-OsUOA |
||
| 245 | _aБанківські кризи та їх вплив на державні фінанси | ||
| 300 | _aС.3-15 | ||
| 955 | _a0 | ||
| 041 | _aukr | ||
| 080 | _a330(477) | ||
| 773 | 0 |
_w70761 _tФінанси України _dК. _d2010 _g8 |
|
| 650 | 7 |
_a330 Економіка взагалі _2UDC |
|
| 999 |
_c357038 _d357038 |
||